Systems simulation for regional analysis : (Record no. 72273)
[ view plain ]
| 000 -LEADER | |
|---|---|
| fixed length control field | 00865nam a2200241 4500 |
| 001 - CONTROL NUMBER | |
| control field | 72273 |
| 003 - CONTROL NUMBER IDENTIFIER | |
| rucl marc code | BD-RjUL |
| 005 - DATE AND TIME OF LATEST TRANSACTION | |
| control field | 20211209082235.0 |
| 008 - FIXED-LENGTH DATA ELEMENTS--GENERAL INFORMATION | |
| fixed length control field | 170516s1969 maua b 001 0 eng d |
| 035 ## - SYSTEM CONTROL NUMBER | |
| System control number | (BD-RjUL)72490 |
| 040 ## - CATALOGING SOURCE | |
| Original cataloging agency | DLC |
| Transcribing agency | DLC |
| Modifying agency | UKM |
| -- | BD-RjUL |
| Language of cataloging | eng |
| 041 ## - LANGUAGE CODE | |
| Language code of text/sound track or separate title | eng |
| 082 ## - DEWEY DECIMAL CLASSIFICATION NUMBER | |
| Classification number | 333.9162 |
| Edition number | 23 |
| Author mark and year | SYS 1969 |
| 245 00 - TITLE STATEMENT | |
| Title | Systems simulation for regional analysis : |
| Remainder of title | an application to River-Basin planning / |
| Statement of responsibility, etc. | H. R. Hamilton... [et al.] |
| 260 ## - PUBLICATION, DISTRIBUTION, ETC. (IMPRINT) | |
| Place of publication, distribution, etc. | Cambridge, Mass. : |
| Name of publisher, distributor, etc. | M.I.T. Press, |
| Date of publication, distribution, etc. | 1969 |
| 300 ## - PHYSICAL DESCRIPTION | |
| Pagination | xii, 407 p. : |
| Illustrations | ill. ; |
| Size | 24 cm. |
| 504 ## - BIBLIOGRAPHY, ETC. NOTE | |
| Bibliography, etc | Indexes Bibliographical footnotes and Indexes. |
| 650 #0 - SUBJECT ADDED ENTRY--TOPICAL TERM | |
| Topical term or geographic name as entry element | Simulation methods. |
| 9 (RLIN) | 213706 |
| Topical term or geographic name as entry element | Social sciences |
| General subdivision | Mathematical models. |
| 9 (RLIN) | 152861 |
| 651 #0 - SUBJECT ADDED ENTRY--GEOGRAPHIC NAME | |
| Geographic name | Susquehanna River Valley |
| General subdivision | Economic conditions. |
| 9 (RLIN) | 213707 |
| 700 1# - ADDED ENTRY--PERSONAL NAME | |
| Personal name | Hamilton, H. R. |
| Fuller form of name | (Henry R.), |
| Dates associated with a name | 1932- |
| 942 ## - ADDED ENTRY ELEMENTS (KOHA) | |
| Source of classification or shelving scheme | Dewey Decimal Classification |
| Koha item type | Books |
| Lost status | Source of classification or shelving scheme | Damaged status | Not for loan | Collection code | Permanent Location | Current Location | Shelving location | Date acquired | Source of acquisition | Cost, normal purchase price | Total Checkouts | Full call number | Date last seen | Copy number | Koha item type |
|---|---|---|---|---|---|---|---|---|---|---|---|---|---|---|---|
| Dewey Decimal Classification | Not For Loan | Non-fiction | Central Library, University of Rajshahi | Central Library, University of Rajshahi | Reading Room | 20/01/1971 | Zeitlinger | 140.00 | 333.9162 SYS 1969 | 16/05/2017 | C-1 | Books |